Ptolémée Philadelphe et les prêtres d'Atoum de Tjékou : nouvelle édition commentée de la "stèle de Pithom" (CGC 22183) /

محفوظ في:

المؤلف الرئيسي: Thiers, Christophe (مؤلف)

التنسيق: كتاب

اللغة: French

منشور في: Montpellier : Université Paul-Valéry Montpellier III, c2007.

سلاسل: Orientalia Monspeliensia ; 17.
OrMons ; 17.

الموضوعات:

الوسوم: إضافة وسم

لا توجد وسوم, كن أول من يضع وسما على هذه التسجيلة!

رقم الطلب: DT57 .M4 v.17

LEADER 01274namaa2200349 4500
001 13213
003 OSt
005 20241124123659.0
008 130303s2007 fr af b 001 0 fre d
999 |c 12538  |d 12538 
020 |a 9782842697860 
020 |a 2842697863 
040 |c ARCE Library 
043 |a f-ua--- 
050 4 |a DT57 .M4 v.17 
100 1 |a Thiers, Christophe,  |e author 
245 1 0 |a Ptolémée Philadelphe et les prêtres d'Atoum de Tjékou :  |b nouvelle édition commentée de la "stèle de Pithom" (CGC 22183) /  |c Christophe Thiers. 
264 1 |a Montpellier :  |b Université Paul-Valéry Montpellier III,  |c c2007.  
300 |a vii, 257 pages, 5 folded plates :  |b illustrations ;  |c 30 cm.  
336 |2 rdacontent  |a text  |b txt 
337 |2 rdamedia  |a unmediated  |b n 
338 |2 rdacarrier  |a volume  |b n 
490 1 |a Orientalia Monspeliensia ;   |v 17. 
490 1 |a OrMons ;   |v 17. 
504 |a Includes bibliographical references (pages 232-257) and index.  
600 0 0 |a Ptolemy  |b II Philadelphus,  |c King of Egypt.  
650 0 |a Inscriptions, Egyptian  |z Egypt  |z Tell el-Maskhuta Site.  
651 0 |a Tell el-Maskhuta Site (Egypt)  |x Antiquities. 
830 0 |a Orientalia Monspeliensia ;   |v 17.  
830 0 |a OrMons ;   |v 17. 
901 |a reviewed 
942 |c BK  |2 lcc